| 000 | 00814nas a2200265 4500 | ||
|---|---|---|---|
| 001 | BR0805184 | ||
| 003 | BR-BrBNA | ||
| 005 | 20231205112406.0 | ||
| 007 | ta | ||
| 008 | 230509b bl.|||p| |||| 00| 00por d | ||
| 040 |
_aBR-BrBNA _bpor _cBiblioteca Nacional de Agricultura |
||
| 041 | _a(Pt) | ||
| 072 | _aF03 | ||
| 100 | 1 | _aSilva, T.T. de A. | |
| 100 | 1 | _aSouza, L.A. de | |
| 100 | 1 | _aOliveira, L.M. de | |
| 100 | 1 | _aGuimarães, R.M. | |
| 245 | 1 | _aTemperatura de germinação, sensibilidade à dessecação e armazenamento de sementes de jaqueira | |
| 650 | _aJACA | ||
| 650 | _aGERMINAÇÃO | ||
| 650 | _aSECAGEM | ||
| 773 | 0 |
_tRevista Ciencia Agronomica (Brazil) _xISSN 0045-6888 _g(Oct-Dec 2007), v. 38(4) p. 436-439 _wBR0805184 |
|
| 909 |
_a202311 _bLúcia _c55 _dLúcia Elande |
||
| 942 |
_2AGRIS _n0 _cANA |
||
| 999 |
_c197811 _d197811 |
||